Animals A to Z / (Record no. 102262)
[ view plain ]
| 000 -LEADER | |
|---|---|
| fixed length control field | 00446nam a2200169 a 4500 |
| 005 - DATE AND TIME OF LATEST TRANSACTION | |
| control field | 20140412111233.0 |
| 008 - FIXED-LENGTH DATA ELEMENTS--GENERAL INFORMATION | |
| fixed length control field | 010522s19uu xx 00 eng d |
| 020 ## - INTERNATIONAL STANDARD BOOK NUMBER | |
| International Standard Book Number | 0-590-46462-0 |
| 050 ## - LIBRARY OF CONGRESS CALL NUMBER | |
| Classification number | M 411 |
| Item number | M36 1989 |
| 100 ## - MAIN ENTRY--PERSONAL NAME | |
| Personal name | McPhail, David |
| 245 ## - TITLE STATEMENT | |
| Title | Animals A to Z / |
| Statement of responsibility, etc | David McPhail. |
| 260 ## - PUBLICATION, DISTRIBUTION, ETC. (IMPRINT) | |
| Place of publication, distribution, etc | New York : |
| Name of publisher, distributor, etc | Scholastic Inc, |
| Date of publication, distribution, etc | 1989. |
| 300 ## - PHYSICAL DESCRIPTION | |
| Extent | 1v. (unp.) ; ill. |
| 500 ## - GENERAL NOTE | |
| General note | "Cartwheel Books" |
| 650 ## - SUBJECT ADDED ENTRY--TOPICAL TERM | |
| Topical term or geographic name as entry element | Animals |
| Withdrawn status | Lost status | Damaged status | Home library | Current library | Shelving location | Date acquired | Source of acquisition | Cost, normal purchase price | Total Checkouts | Full call number | Barcode | Date last seen | Price effective from | Koha item type |
|---|---|---|---|---|---|---|---|---|---|---|---|---|---|---|
| Elizalde Library | Elizalde Library | Main Section | 05/22/2001 | 133.00 | M 411 M36 1989 | E1062 | 04/12/2014 | 04/12/2014 | Books |